Mario kart items quiz - Statistics

General Stats
  • This quiz has been taken 8 times
  • The average score is 19 of 175
Answer Stats
First Introduced Answer % Correct
Super Mario Kart Green shell
88%
Super Mario Kart Red shell
88%
Super Mario Kart Banana
75%
Super Mario Kart Mushroom
75%
Mario Kart: Double Dash! Bob-omb
63%
Super Mario Kart Boo
63%
Super Mario Kart Coin
63%
Mario Kart 7 Fire flower
63%
Super Mario Kart Super star
63%
Mario Kart Arcade GP Triple banana
63%
Mario Kart 64 Triple green shell
63%
Mario Kart 64 Triple red shell
63%
Mario Kart: Double Dash! Birdo egg
50%
Mario Kart: Double Dash! Bowser shell
50%
Mario Kart DS Bullet bill
50%
Mario Kart: Double Dash! Chain chomp
50%
Super Mario Kart Feather
50%
Mario Kart Arcade GP 2 Mega mushroom
50%
Mario Kart Wii POW block
50%
Mario Kart 64 Spiny shell
50%
Mario Kart Arcade GP Thundercloud
50%
Mario Kart 64 Triple mushroom
50%
Super Mario Kart Yoshi egg
50%
Mario Kart DS Blooper
38%
Super Mario Kart Fireball
38%
Mario Kart: Double Dash! Giant banana
38%
Mario Kart 64 Golden mushroom
38%
Mario Kart: Double Dash! Heart
38%
Mario Kart Tour Ice flower
38%
Mario Kart 8 Super horn
38%
Mario Kart 64 Banana bunch
25%
Mario Kart 8 Boomerang Flower
25%
Mario Kart 8 Crazy eight
25%
Super Mario Kart Lighting
25%
Mario Kart 7 Lucky seven
25%
Mario Kart Arcade GP Piranha plant
25%
Mario Kart Arcade GP Poison mushroom
25%
Mario Kart 7 Super leaf
25%
Mario Kart Tour Banana barrel
13%
Mario Kart Tour Bob-omb cannon
13%
Mario Kart Tour Bubble
13%
Mario Kart Tour Dash ring
13%
Mario Kart Arcade GP Hammer
13%
Mario Kart Arcade GP DX Mini mushroom
13%
Mario Kart Arcade GP 10T hammer
0%
Mario Kart Arcade GP Absorbing mushroom
0%
Mario Kart Arcade GP Banana shot
0%
Mario Kart Arcade GP 2 Banana Train
0%
Mario Kart Arcade GP DX Barrel
0%
Mario Kart Arcade GP Basin
0%
Mario Kart 8 Bell
0%
Mario Kart Arcade GP Big tire
0%
Mario Kart Arcade GP Black shell
0%
Mario Kart Arcade GP 2 Broken Wheel
0%
Mario Kart Arcade GP Cake
0%
Mario Kart Tour Capsule
0%
Mario Kart Arcade GP DX Car horn
0%
Mario Kart Tour Coin box
0%
Mario Kart Arcade GP Conga
0%
Mario Kart Arcade GP Dash bazooka
0%
Mario Kart Arcade GP Delicious banana
0%
Mario Kart Arcade GP Dizziness virus
0%
Mario Kart Tour Double bob-omb
0%
Mario Kart Arcade GP Egg body
0%
Mario Kart Arcade GP DX Extendable glove
0%
Mario Kart Arcade GP Fairy
0%
Mario Kart 64 Fake item block
0%
Mario Kart Arcade GP 2 Fake mario coin
0%
Mario Kart Arcade GP Fart gas
0%
Mario Kart Arcade GP | Mario Kart Arcade GP 2 Fire cracker
0%
Mario Kart Arcade GP Flaming tender
0%
Mario Kart Arcade GP Flare ball
0%
Mario Kart Arcade GP DX Flower glasses
0%
Mario Kart Arcade GP Frying pan
0%
Mario Kart Arcade GP DX Fusion kart
0%
Mario Kart Arcade GP Galaga boss
0%
Mario Kart Arcade GP Garlic
0%
Mario Kart Arcade GP Ghost morph
0%
Mario Kart Arcade GP Giant mushroom
0%
Mario Kart Tour Giga bob-omb
0%
Mario Kart Arcade GP DX Gold banana
0%
Mario Kart Arcade GP DX Gold shell
0%
Mario Kart Arcade GP DX Gold tub
0%
Mario Kart Arcade GP Heavy mushroom
0%
Mario Kart Arcade GP High beam
0%
Mario Kart Arcade GP Horn
0%
Mario Kart Arcade GP 2 Interrupting frame
0%
Mario Kart Arcade GP Invisible mushroom
0%
Mario Kart Arcade GP Item seal
0%
Mario Kart Arcade GP | Mario Kart Arcade GP 2 Jump seal
0%
Mario Kart Arcade GP Large time bomb
0%
Mario Kart Arcade GP Laughter bag
0%
Mario Kart Arcade GP Magic hand
0%
Mario Kart Arcade GP 2 Mask
0%
Mario Kart Arcade GP Meat
0%
Mario Kart Arcade GP Melon
0%
Mario Kart Arcade GP Miracle mushroom
0%
Mario Kart Arcade GP Monsters hammer
0%
Mario Kart Arcade GP Monsters pill
0%
Mario Kart Arcade GP 2 Mouse cracker
0%
Mario Kart Arcade GP DX Moustache rocket
0%
Mario Kart Tour Mushroom cannon
0%
Mario Kart Arcade GP Mushroom hammer
0%
Mario Kart Arcade GP Mushroom powder
0%
Mario Kart Arcade GP Mustache pen
0%
Mario Kart Arcade GP Mystery egg
0%
Mario Kart Arcade GP Needle bomb
0%
Mario Kart Arcade GP Off key speaker
0%
Mario Kart Arcade GP DX Paper mushroom
0%
Mario Kart Arcade GP Peaches bird
0%
Mario Kart Arcade GP DX Pen
0%
Mario Kart Arcade GP Petit monster
0%
Mario Kart Arcade GP Pie
0%
Mario Kart Arcade GP DX Pie bazooka
0%
Mario Kart Arcade GP Pooka
0%
Mario Kart Arcade GP DX Porcupuffer
0%
Mario Kart Arcade GP Power pill
0%
Mario Kart Arcade GP DX Power yo-yo
0%
Mario Kart Arcade GP Princesses drink
0%
Mario Kart Arcade GP 2 Pump
0%
Mario Kart Arcade GP Quack hammer
0%
Mario Kart Arcade GP 2 Rabbit ear
0%
Mario Kart Arcade GP Rain cloud
0%
Mario Kart Arcade GP Rally-X
0%
Mario Kart Arcade GP Reflect shield
0%
Mario Kart Arcade GP Rolling egg
0%
Mario Kart 8 Rupee
0%
Mario Kart Arcade GP 2 Saggy gummy
0%
Mario Kart Arcade GP Shell body
0%
Mario Kart Arcade GP Shield
0%
Mario Kart Arcade GP Sick mushroom
0%
Mario Kart Arcade GP DX Slapstick fan
0%
Mario Kart Arcade GP Slimy mushroom
0%
Mario Kart Arcade GP Small time bomb
0%
Mario Kart Arcade GP Small tire
0%
Mario Kart Arcade GP Smokescreen
0%
Mario Kart Arcade GP Snot bomb
0%
Mario Kart Arcade GP | Mario Kart Arcade GP 2 Snow cloud
0%
Mario Kart Arcade GP DX Soft gummy
0%
Mario Kart Arcade GP | Mario Kart Arcade GP 2 Square tire
0%
Mario Kart Arcade GP Sticky oil
0%
Mario Kart Arcade GP Stretch punch
0%
Mario Kart Arcade GP DX Sumo slapstick
0%
Mario Kart Tour Super bell
0%
Mario Kart Arcade GP Tack
0%
Mario Kart Arcade GP Thunder stick
0%
Mario Kart Arcade GP DX Thwomp
0%
Mario Kart Arcade GP Tongue
0%
Mario Kart Arcade GP Tornado
0%
Mario Kart Arcade GP Tox banana shot
0%
Mario Kart Arcade GP Trash can
0%
Mario Kart Arcade GP Triple basin
0%
Mario Kart Arcade GP Triple black shell
0%
Mario Kart Arcade GP Triple boo
0%
Mario Kart Arcade GP DX Triple gold banana
0%
Mario Kart Arcade GP DX Triple gold shell
0%
Mario Kart Arcade GP Triple needle
0%
Mario Kart Arcade GP Triple pen
0%
Mario Kart Arcade GP Triple pie
0%
Mario Kart Arcade GP DX Triple porcupuffer
0%
Mario Kart Arcade GP Triple smokescreen
0%
Mario Kart Arcade GP Triple square
0%
Mario Kart Arcade GP Triple tornado
0%
Mario Kart Arcade GP Triple track
0%
Mario Kart Arcade GP DX Triple tub
0%
Mario Kart Arcade GP DX Tub
0%
Mario Kart Arcade GP Wario car
0%
Mario Kart Arcade GP Whacking fan
0%
Mario Kart Arcade GP | Mario Kart Arcade GP 2 Wheel virus
0%
Mario Kart Arcade GP DX Whirling wheel
0%
No matching quizzes found
Score Distribution
Percent of People with Each Score
Percentile by Number Answered
Your Score History
You have not taken this quiz